000 00497nam a2200205Ia 4500
003 OSt
005 20220924134908.0
006 a|||||r|||| 00| 0
007 ta
008 220923b |||||||| |||| 00| 0 ben d
024 _a287687
037 _cTextual
040 _aARTS
_cARTS
_bben
041 _2ben
_aben
082 _aM14v262'G6, 157M4
245 0 _aBatlatar chhapa o chhobi
260 _c1984
942 _hM14v262'G6, 157M4
_cTEXL
_2CC
999 _c438961
_d438961